100 centre guide to commercial property development. (Record no. 93877)

MARC details
000 -LEADER
fixed length control field 00503cam a2200181 4500
008 - FIXED-LENGTH DATA ELEMENTS--GENERAL INFORMATION
fixed length control field 090401t1973 xxu||||| |||| 00| 0 eng d
020 ## - INTERNATIONAL STANDARD BOOK NUMBER
International Standard Book Number 0716101688
035 ## - SYSTEM CONTROL NUMBER
System control number (Sirsi) u57027
041 ## - LANGUAGE CODE
Language code of text/sound track or separate title eng
050 ## - LIBRARY OF CONGRESS CALL NUMBER
Classification number 333.77
100 ## - MAIN ENTRY--PERSONAL NAME
Personal name Bazlinton, C (ed)
245 ## - TITLE STATEMENT
Title 100 centre guide to commercial property development.
260 ## - PUBLICATION, DISTRIBUTION, ETC.
Place of publication, distribution, etc. Epping, Essex
Name of publisher, distributor, etc. Gower Economic Publications
Date of publication, distribution, etc. 1973
300 ## - PHYSICAL DESCRIPTION
Extent xxviii. 562. 4p. ill. maps. plans. 25cm. pbk
350 ## - PRICE (NR) (BK AM CF MU VM SE) [OBSOLETE]
Price 8.5
942 ## - ADDED ENTRY ELEMENTS (KOHA)
Suppress in OPAC 0
948 ## - LOCAL PROCESSING INFORMATION (OCLC); SERIES PART DESIGNATOR (RLIN)
c (OCLC) 04/03/1997
Holdings
Withdrawn status Lost status Source of classification or shelving scheme Damaged status Not for loan Home library Current library Shelving location Date acquired Cost, normal purchase price Total Checkouts Full call number Barcode Date last seen Copy number Cost, replacement price Price effective from Koha item type
    Dewey Decimal Classification     London London Basement 14/09/1999 8.50   SHELF 315 30008038 06/08/2019 1 8.50 06/08/2019 Book